[Event "St Petersburg op"]
[Site "St Petersburg"]
[Date "1995.??.??"]
[Round "8"]
[White "Loginov, Valery A"]
[Black "Alexandria, Nana"]
[Result "1-0"]
[WhiteElo "2550"]
[BlackElo "2350"]
[PlyCount "57"]
[EventDate "1995.05.??"]
[EventType "swiss"]
[EventRounds "9"]
[EventCountry "RUS"]
[SourceTitle "CBM 046 Extra"]
[Source "ChessBase"]
[SourceDate "1995.07.01"]
[SourceVersion "1"]
[SourceVersionDate "1995.07.01"]
[SourceQuality "1"]

1. Nf3 b6 2. g3 Bb7 3. Bg2 g6 4. 0-0 Bg7 5. d3 c5 6. e4 d6 7. c3 Nd7 8. Re1 Ngf6 9. Nbd2 0-0 10. d4 e6 11. e5 dxe5 12. dxe5 Ng4 13. Nc4 Bd5 14. Bg5 Qc7 15. Be7 Bxc4 16. Bd6 Qb7 17. Ng5 Bd5 18. Bxd5 Qxd5 19. Qxg4 h6 20. Rad1 Qxa2 21. Bxf8 Rxf8 22. Rxd7 hxg5 23. Re2 a5 24. Qxg5 a4 25. Ra7 Qc4 26. Rd2 Qe4 27. Rd8 Qe1+ 28. Kg2 Qe4+ 29. Kh3 1-0

[Event "Rostov on Don (Women)"]
[Site "Rostov on Don"]
[Date "1995.??.??"]
[Round "1"]
[White "Matveeva, Svetlana"]
[Black "Alexandria, Nana"]
[Result "1-0"]
[WhiteElo "2430"]
[BlackElo "2350"]
[PlyCount "47"]
[EventDate "1995.??.??"]
[EventType "tourn"]
[EventRounds "11"]
[EventCountry "RUS"]
[EventCategory "5"]
[SourceTitle "EXT 1997"]
[Source "ChessBase"]
[SourceDate "1996.11.15"]
[SourceVersion "1"]
[SourceVersionDate "1996.11.15"]
[SourceQuality "1"]

1. d4 Nf6 2. c4 e6 3. Nc3 Bb4 4. Bg5 h6 5. Bh4 c5 6. d5 Bxc3+ 7. bxc3 d6 8. e3 e5 9. Qc2 Qe7 10. Nf3 Nbd7 11. Nd2 e4 12. Be2 g5 13. Bg3 Nf8 14. 0-0 Ng6 15. f4 exf3 16. Rxf3 Ne5 17. Rff1 Nfg4 18. Bxg4 Bxg4 19. Ne4 0-0-0 20. Nf6 Bd7 21. Qe4 Kb8 22. Bxe5 dxe5 23. Nxd7+ Rxd7 24. Rxf7 1-0

[Event "Biel Credis op"]
[Site "Biel"]
[Date "1995.??.??"]
[Round "7"]
[White "Moor, Olivier"]
[Black "Alexandria, Nana"]
[Result "1/2-1/2"]
[WhiteElo "2205"]
[BlackElo "2350"]
[PlyCount "131"]
[EventDate "1995.??.??"]
[EventType "swiss"]
[EventRounds "12"]
[EventCountry "SUI"]
[SourceTitle "CBM 048 Extra"]
[Source "ChessBase"]
[SourceDate "1995.11.01"]
[SourceVersion "1"]
[SourceVersionDate "1995.11.01"]
[SourceQuality "1"]

1. d4 Nf6 2. Nf3 e6 3. Bg5 b6 4. Nbd2 Bb7 5. e3 Be7 6. Bd3 c5 7. c3 cxd4 8. exd4 Nd5 9. Nc4 f6 10. Bd2 0-0 11. a4 Nc6 12. 0-0 a5 13. Qc2 f5 14. Rfe1 Rc8 15. Qb3 Ba6 16. Bf1 Nb8 17. Nfe5 Kh8 18. Rad1 Qc7 19. Ne3 Nxe3 20. Bxe3 Bxf1 21. Rxf1 f4 22. Bc1 d5 23. Rfe1 Nc6 24. Nf3 Nd8 25. Re2 Qd6 26. Rde1 Bf6 27. Qb5 Rc7 28. Bd2 Kg8 29. h3 g5 30. b4 h5 31. bxa5 bxa5 32. Ne5 Rg7 33. Qxa5 Rb7 34. Bc1 Rb1 35. Qa7 Rb7 36. Qa8 Qc7 37. Qa6 Ra7 38. Qb5 Qxc3 39. Bb2 Qa5 40. Qd3 Qxa4 41. Qg6+ Rg7 42. Qxh5 Qe8 43. Qg4 Be7 44. Bc3 Bd6 45. Nf3 Bc7 46. Bb4 Rf6 47. Rc2 Qg6 48. Rec1 Rff7 49. Kh1 Qf6 50. Ra2 Qf5 51. Qxf5 exf5 52. Ra8 Kh7 53. Ra7 g4 54. Nh4 Ne6 55. Bc5 Bd8 56. Rxf7 Rxf7 57. g3 Bxh4 58. gxh4 Rc7 59. hxg4 fxg4 60. Rg1 Nxc5 61. dxc5 Rxc5 62. Rxg4 d4 63. Rxf4 Rd5 64. Rg4 d3 65. Rg1 Rd4 66. Rd1 1/2-1/2

[Event "YUG-chT (Women)"]
[Site "Tivat"]
[Date "1995.??.??"]
[Round "5"]
[White "Prudnikova, Svetlana"]
[Black "Alexandria, Nana"]
[Result "1-0"]
[WhiteElo "2405"]
[BlackElo "2350"]
[PlyCount "55"]
[EventDate "1995.??.??"]
[EventType "team"]
[EventRounds "11"]
[EventCountry "YUG"]
[SourceTitle "EXT 1997"]
[Source "ChessBase"]
[SourceDate "1996.11.15"]
[SourceVersion "1"]
[SourceVersionDate "1996.11.15"]
[SourceQuality "1"]

1. d4 Nf6 2. c4 e6 3. Nc3 Bb4 4. Qc2 c5 5. dxc5 Qc7 6. a3 Bxc5 7. b4 Be7 8. Nb5 Qc6 9. Nf3 d6 10. Nfd4 Qd7 11. e4 Nc6 12. Bb2 a6 13. Nxc6 bxc6 14. Nxd6+ Qxd6 15. e5 Qd8 16. exf6 Bxf6 17. Rd1 Bd7 18. Bxf6 Qxf6 19. Be2 a5 20. 0-0 axb4 21. axb4 e5 22. Bf3 Rb8 23. Qa4 Qe6 24. Qa7 Rd8 25. c5 e4 26. Bxe4 0-0 27. Bf3 Qf5 28. Qc7 1-0

[Event "St Petersburg op"]
[Site "St Petersburg"]
[Date "1995.??.??"]
[Round "2"]
[White "Ulybin, Mikhail"]
[Black "Alexandria, Nana"]
[Result "1/2-1/2"]
[WhiteElo "2540"]
[BlackElo "2350"]
[PlyCount "33"]
[EventDate "1995.05.??"]
[EventType "swiss"]
[EventRounds "9"]
[EventCountry "RUS"]
[SourceTitle "CBM 046 Extra"]
[Source "ChessBase"]
[SourceDate "1995.07.01"]
[SourceVersion "1"]
[SourceVersionDate "1995.07.01"]
[SourceQuality "1"]

1. e4 c5 2. Nf3 b6 3. d4 cxd4 4. Nxd4 Bb7 5. Bd3 a6 6. c4 d6 7. 0-0 Nd7 8. Qe2 e6 9. b3 Be7 10. Bb2 Bf6 11. f4 Ne7 12. f5 exf5 13. Nxf5 Nxf5 14. exf5+ Qe7 15. Qxe7+ Kxe7 16. Bxf6+ Nxf6 17. Nc3 1/2-1/2